000 nam a22 7a 4500
999 _c331064
_d331064
003 NUST
005 20170830122903.0
008 170830b xxu||||| |||| 00| 0 eng d
040 _c0
082 _a150.7
100 _4Latto, Jennifer; Latto, Richard
245 _aStudy skills for psychology students
260 _aEngland
_bMcGrawHill
_c2009
300 _a224p
942 _2ddc
_cBK